Famous leaders Part 1 - Statistics

General Stats
  • This quiz has been taken 38 times
  • The average score is 9 of 15
Answer Stats
Hint Answer % Correct
N@zi Hitler
100%
1st USSR leader Lenin
97%
2nd USSR leader Stalin
94%
F@scist Italian Mussolini
91%
French Revolution Napoleon
91%
Greatest conquerer Alexander
74%
1st Roman emperor Augustus
71%
British ww2 Churchill
71%
6 wives Henry VIII
68%
Japanese Emperor Hirohito
65%
Mongol Empire Genghis
62%
Ottoman conqueror Mehmed II
21%
Emperor 98-117 Trajan
18%
Imp@ler Vlad Dracula
12%
Frankish Empire Charles the Great
9%
No matching quizzes found
Score Distribution
Percent of People with Each Score
Percentile by Number Answered
Your Score History
You have not taken this quiz